[Event "Bad Woerishofen 2017 - Senioren"]
[Site "Bad Woerishofen"]
[Date "2017.03.10"]
[Round "1.26"]
[White "Keller, Harald"]
[Black "Wawrinsky, Ludwig"]
[Result "1/2-1/2"]
[WhiteElo "2075"]
[BlackElo "1753"]
[Annotator "chessorg"]
[PlyCount "92"]
[EventDate "2017.??.??"]
[WhiteTeam "SV Rottweil"]
[BlackTeam "1.SK Neuperlach e.V."]

1. e4 e5 2. Nf3 Nc6 3. d4 exd4 4. Bc4 d6 5. c3 Ne5 6. Nxe5 dxe5 7. Qb3 Qf6 8.
O-O Bc5 9. Bxf7+ Qxf7 10. Qb5+ Bd7 11. Qxc5 Be6 12. Qxe5 dxc3 13. Nxc3 O-O-O
14. Be3 Ne7 15. Rfd1 Nc6 16. Qc5 a6 17. Bg5 Rxd1+ 18. Rxd1 h6 19. Be3 g5 20. b3
g4 21. Nd5 h5 22. Bf4 Rd8 23. Bg3 Qh7 24. Re1 Bxd5 25. exd5 Qf5 26. Rd1 Qg5 27.
Qc4 h4 28. Bf4 Qf5 29. Be3 h3 30. Qe2 Ne5 31. Bd4 Rxd5 32. Bxe5 Rxd1+ 33. Qxd1
Qxe5 34. Qxg4+ Kb8 35. gxh3 Qa1+ 36. Kg2 Qxa2 37. Qg8+ Ka7 38. h4 Qe2 39. Qc4
Qe7 40. f3 Qg7+ 41. Kh3 Qf6 42. Qe4 Qf7 43. f4 Qxb3+ 44. Kg4 Qg8+ 45. Kh5 Qh8+
46. Kg5 Qd8+ 1/2-1/2

[Event "Bad Woerishofen 2017 - Senioren"]
[Site "Bad Woerishofen"]
[Date "2017.03.11"]
[Round "1.27"]
[White "Goris-Schouwstra, Adry"]
[Black "Dahlhaus, Friedhelm"]
[Result "1/2-1/2"]
[WhiteElo "1752"]
[BlackElo "2059"]
[Annotator "chessorg"]
[PlyCount "96"]
[EventDate "2017.??.??"]
[BlackTeam "DJK Wacker Bergeborbeck 1922"]

1. d4 Nf6 2. Nf3 d5 3. e3 Bf5 4. Bd3 Bxd3 5. Qxd3 c6 6. O-O e6 7. Nbd2 Nbd7 8.
e4 dxe4 9. Nxe4 Nxe4 10. Qxe4 Nf6 11. Qe2 Bd6 12. c4 Qc7 13. h3 h6 14. Be3 O-O
15. Rac1 Qa5 16. c5 Be7 17. Qc4 Nd5 18. Bd2 Qc7 19. b4 a6 20. a4 Bf6 21. Rfe1
Rfd8 22. Re4 Rd7 23. Ne5 Bxe5 24. dxe5 Ne7 25. Bc3 Rad8 26. Rce1 Rd1 27. Qe2
Qd7 28. Qg4 Nf5 29. Qe2 Qd3 30. Qxd1 Qxd1 31. Rxd1 Rxd1+ 32. Re1 Rd3 33. Rc1
Ne7 34. Kf1 Nd5 35. Be1 Rb3 36. Rc4 Rb2 37. g3 g5 38. h4 Kg7 39. hxg5 hxg5 40.
Re4 Kg6 41. g4 Nf4 42. Rd4 Nd5 43. Re4 Rb1 44. Rc4 Rb2 45. Re4 Kg7 46. Rd4 Kf8
47. Bd2 Ke8 48. Bxg5 Rxb4 1/2-1/2

[Event "Bad Woerishofen 2017 - Senioren"]
[Site "Bad Woerishofen"]
[Date "2017.03.11"]
[Round "1.28"]
[White "Waltenberger, Udo"]
[Black "Auterhoff, Juergen"]
[Result "1-0"]
[WhiteElo "2055"]
[BlackElo "1749"]
[Annotator "chessorg"]
[PlyCount "81"]
[EventDate "2017.??.??"]
[WhiteTeam "SV Eiche Reichenbrand"]
[BlackTeam "SC Pasing von 1948 e.V."]

1. Nf3 Nf6 2. g3 d5 3. Bg2 e6 4. O-O Nbd7 5. d4 b6 6. c4 Bb7 7. cxd5 Bxd5 8.
Nc3 Bb7 9. Bf4 Bd6 10. Bxd6 cxd6 11. Rc1 O-O 12. Nb5 Bxf3 13. Bxf3 d5 14. Qb3
a6 15. Nc3 Rc8 16. e3 b5 17. Rfd1 Qe7 18. Be2 Nb8 19. a3 Rc6 20. Na2 Rfc8 21.
Rxc6 Nxc6 22. Rc1 Qd7 23. a4 Na5 24. Qb4 Rxc1+ 25. Nxc1 Nc4 26. b3 Nd6 27. Nd3
bxa4 28. Nc5 Qc7 29. Qxa4 a5 30. Kg2 g6 31. Bd3 Kg7 32. Qa2 Qb6 33. Qc2 Qd8 34.
f3 Nd7 35. Qc3 Nxc5 36. dxc5+ f6 37. cxd6 Qxd6 38. Qxa5 Qe5 39. Qa7+ Kh6 40.
Qd4 Qb8 41. Qf4+ 1-0

[Event "Bad Woerishofen 2017 - Senioren"]
[Site "Bad Woerishofen"]
[Date "2017.03.11"]
[Round "1.29"]
[White "Weyand, Fernand"]
[Black "Loew, Peter"]
[Result "0-1"]
[WhiteElo "1747"]
[BlackElo "2051"]
[Annotator "chessorg"]
[PlyCount "54"]
[EventDate "2017.??.??"]
[WhiteTeam "SVG Saarbruecken 1970 e.V."]
[BlackTeam "SC Waldkraiburg"]

1. e4 c5 2. Nc3 Nc6 3. f4 d6 4. Nf3 g6 5. Bb5 Bd7 6. O-O Bg7 7. d3 e6 8. Ne2 a6
9. Bxc6 Bxc6 10. c3 Ne7 11. Be3 h6 12. Qd2 Qc7 13. Ng3 Bd7 14. Rad1 d5 15. Qf2
Rc8 16. d4 dxe4 17. Nxe4 c4 18. Ne5 Bc6 19. Nd2 Bd5 20. Qg3 Nf5 21. Qf2 b5 22.
Ndf3 Nd6 23. Nd2 Qb7 24. Rfe1 O-O 25. Re2 a5 26. Qe1 Kh7 27. Bf2 Bxg2 0-1

[Event "Bad Woerishofen 2017 - Senioren"]
[Site "Bad Woerishofen"]
[Date "2017.03.11"]
[Round "1.30"]
[White "Ganslmayer, Anton"]
[Black "Collins, Alan"]
[Result "1/2-1/2"]
[WhiteElo "2046"]
[BlackElo "1717"]
[PlyCount "58"]
[EventDate "2017.??.??"]
[WhiteTeam "SC Eichenau"]
[BlackTeam "Cowley"]

1. Nf3 d6 2. d4 Bg4 3. e4 Nd7 4. h3 Bxf3 5. Qxf3 e5 6. c3 Be7 7. Bc4 Ngf6 8.
Bg5 c6 9. Qe2 b5 10. Bb3 a5 11. Nd2 a4 12. Bc2 h6 13. Be3 a3 14. b3 O-O 15. O-O
Qc7 16. Rac1 Rfb8 17. f4 Ne8 18. fxe5 dxe5 19. Nf3 Bf6 20. Nh2 c5 21. Ng4 Bg5
22. Bxg5 hxg5 23. Qd3 c4 24. Qg3 Ra6 25. Ne3 exd4 26. Qxc7 Nxc7 27. cxd4 Ne6
28. bxc4 Nxd4 29. Bd3 Ne5 1/2-1/2

[Event "Bad Woerishofen 2017 - Senioren"]
[Site "Bad Woerishofen"]
[Date "2017.03.11"]
[Round "1.31"]
[White "Eigenmann, Christina"]
[Black "Gerl, Hans"]
[Result "1/2-1/2"]
[WhiteElo "1738"]
[BlackElo "2043"]
[Annotator "chessorg"]
[PlyCount "109"]
[EventDate "2017.??.??"]
[BlackTeam "SC Bayerwald Regen/Zwiesel e.V."]

1. d4 Nf6 2. c4 e6 3. Nc3 Bb4 4. Bg5 h6 5. Bxf6 Bxc3+ 6. bxc3 Qxf6 7. e3 O-O 8.
Qc2 c5 9. Rb1 Nc6 10. Nf3 b6 11. Qe4 Qe7 12. Ne5 Bb7 13. Nxc6 Bxc6 14. d5 f5
15. Qe5 d6 16. Qxe6+ Qxe6 17. dxe6 Rae8 18. f3 Rxe6 19. Bd3 Rxe3+ 20. Kd2 f4
21. Rhe1 Rfe8 22. Re2 Rxe2+ 23. Bxe2 Kf7 24. Bd3 Kf6 25. Re1 Rxe1 26. Kxe1 Ke5
27. Kd2 a6 28. a3 b5 29. cxb5 axb5 30. Kc2 Be8 31. Kd2 g5 32. Ke2 h5 33. h3 d5
34. Kd2 Bd7 35. Bg6 g4 36. hxg4 hxg4 37. fxg4 Bxg4 38. Be8 b4 39. cxb4 cxb4 40.
axb4 Kd4 41. b5 Kc5 42. Bc6 Bf5 43. Ke2 Be4 44. Kf2 Kb6 45. Kg1 Kc5 46. Kf2 Bd3
47. Kf3 d4 48. Kxf4 Bxb5 49. Bxb5 Kxb5 50. Kf3 Kc4 51. Ke2 Kc3 52. Kd1 Kd3 53.
g4 Ke4 54. Kd2 Kf4 55. Kd3 1/2-1/2

[Event "Bad Woerishofen 2017 - Senioren"]
[Site "Bad Woerishofen"]
[Date "2017.03.10"]
[Round "1.33"]
[White "Hardt, Dieter"]
[Black "Bohnstorff, Michael"]
[Result "0-1"]
[WhiteElo "1733"]
[BlackElo "2042"]
[Annotator "chessorg"]
[PlyCount "52"]
[EventDate "2017.??.??"]
[WhiteTeam "SG Konstanz"]
[BlackTeam "SC Turm Lueneburg e.V."]

1. d4 d5 2. Nf3 Nf6 3. e3 c6 4. Bd3 Bg4 5. Nbd2 e6 6. c3 Be7 7. Qc2 Nbd7 8. h3
Bh5 9. b3 Bg6 10. Ne5 Nxe5 11. dxe5 Nd7 12. Nf3 Qc7 13. Bb2 Nxe5 14. Bxg6 Nxf3+
15. gxf3 hxg6 16. O-O-O Bf6 17. Kb1 O-O-O 18. Rc1 Rh4 19. c4 dxc4 20. Bxf6 gxf6
21. bxc4 Qa5 22. Rhd1 Rxd1 23. Rxd1 Qb4+ 24. Qb3 Rxc4 25. Qxb4 Rxb4+ 26. Kc2
Rh4 0-1

[Event "Bad Woerishofen 2017 - Senioren"]
[Site "Bad Woerishofen"]
[Date "2017.03.11"]
[Round "1.34"]
[White "Sand, Rolf"]
[Black "Hager, Eberhard"]
[Result "1/2-1/2"]
[WhiteElo "2041"]
[BlackElo "1730"]
[Annotator "chessorg"]
[PlyCount "53"]
[EventDate "2017.??.??"]
[BlackTeam "SC Friedberg"]

1. c4 e5 2. g3 Nf6 3. Bg2 Bc5 4. Nc3 Nc6 5. Nf3 d6 6. O-O O-O 7. d3 h6 8. a3 a6
9. b4 Bb6 10. Bb2 Re8 11. e3 Bd7 12. d4 exd4 13. exd4 Qc8 14. c5 dxc5 15. dxc5
Ba7 16. Re1 Rb8 17. Qd2 b6 18. cxb6 Bxb6 19. Rxe8+ Bxe8 20. Re1 Qd8 21. Qf4 Qd7
22. h3 Qd8 23. Ne4 Nxe4 24. Qxe4 Qd7 25. Ne5 Nxe5 26. Qxe5 f6 27. Qd5+ 1/2-1/2

[Event "Bad Woerishofen 2017 - Senioren"]
[Site "Bad Woerishofen"]
[Date "2017.03.11"]
[Round "1.36"]
[White "Schneider, Alexander"]
[Black "Birkestrand, Odd"]
[Result "1-0"]
[WhiteElo "2029"]
[BlackElo "1726"]
[Annotator "chessorg"]
[PlyCount "57"]
[EventDate "2017.??.??"]
[WhiteTeam "Schachclub  WHV von 1887 e.V."]
[BlackTeam "Norges Sjakkforbund"]

1. d4 Nf6 2. c4 c5 3. d5 b5 4. cxb5 a6 5. b6 d6 6. Nc3 Qxb6 7. e4 g6 8. Nf3 Bg7
9. Be2 O-O 10. O-O Nbd7 11. h3 Rb8 12. Qc2 Bb7 13. Rb1 Rfc8 14. Bc4 Ne8 15. b3
Ne5 16. Nxe5 Bxe5 17. Be3 Qc7 18. Rbe1 Rd8 19. Bc1 Bc8 20. Bb2 f5 21. exf5 Bxf5
22. Ne4 Bxb2 23. Qxb2 Qc8 24. Ng5 h6 25. Ne6 Bxe6 26. Rxe6 Kf7 27. Qh8 Nf6 28.
Rxe7+ Kxe7 29. Qg7+ 1-0

[Event "Bad Woerishofen 2017 - Senioren"]
[Site "Bad Woerishofen"]
[Date "2017.03.11"]
[Round "1.37"]
[White "Erdmann, Wolfgang"]
[Black "Nordby, Bernt"]
[Result "0-1"]
[WhiteElo "1725"]
[BlackElo "2015"]
[Annotator "chessorg"]
[PlyCount "50"]
[EventDate "2017.??.??"]
[WhiteTeam "SC Roter Turm Altstadt"]
[BlackTeam "Fredrikstad SS"]

1. d4 Nf6 2. Nf3 g6 3. e3 Bg7 4. Bd3 O-O 5. O-O d6 6. Nbd2 Nbd7 7. c3 e5 8. e4
Re8 9. Re1 d5 10. Qc2 exd4 11. cxd4 dxe4 12. Nxe4 Nxe4 13. Rxe4 Rxe4 14. Bxe4
Nf6 15. Qd3 Nxe4 16. Qxe4 c6 17. Bd2 Bf5 18. Qe3 Qd5 19. Bc3 h6 20. h3 Bd7 21.
Ne5 Re8 22. Qg3 Bf5 23. a3 Kh7 24. Rd1 Bxe5 25. Qe3 Bh2+ 0-1

[Event "Bad Woerishofen 2017 - Senioren"]
[Site "Bad Woerishofen"]
[Date "2017.03.10"]
[Round "1.38"]
[White "Harsch, Martin"]
[Black "Koch, Dieter"]
[Result "1/2-1/2"]
[WhiteElo "2014"]
[BlackElo "1725"]
[Annotator "chessorg"]
[PlyCount "42"]
[EventDate "2017.??.??"]
[WhiteTeam "Saanenland"]
[BlackTeam "SC Ammersee"]

1. e4 e5 2. Nf3 d6 3. d4 Nd7 4. Bc4 Qe7 5. Nc3 c6 6. a4 h6 7. d5 c5 8. O-O a6
9. Qe2 g5 10. h3 Ngf6 11. Nh2 Rg8 12. a5 Bg7 13. Na4 Bf8 14. g3 h5 15. Kg2 Bh6
16. f3 Rb8 17. Be3 Nf8 18. Nb6 Ng6 19. Nxc8 Rxc8 20. g4 Nf4+ 21. Bxf4 gxf4
1/2-1/2

[Event "Bad Woerishofen 2017 - Senioren"]
[Site "Bad Woerishofen"]
[Date "2017.03.10"]
[Round "1.39"]
[White "Schnell, Franz"]
[Black "Walther, Reinhard"]
[Result "0-1"]
[WhiteElo "1723"]
[BlackElo "2008"]
[Annotator "chessorg"]
[PlyCount "140"]
[EventDate "2017.??.??"]
[WhiteTeam "SV Trossingen"]
[BlackTeam "SK 1911 Herzogenaurach e.V."]

1. d4 c5 2. Nf3 e6 3. c3 d5 4. Bf4 Nc6 5. e3 Nf6 6. Nbd2 Be7 7. h3 Bd6 8. Ne5
Bxe5 9. dxe5 Nd7 10. Nf3 Qb6 11. Qc2 Nf8 12. Bg3 Bd7 13. Be2 Ng6 14. Bd3 Nce7
15. a4 Bc6 16. a5 Qc7 17. O-O Rc8 18. Rfe1 O-O 19. h4 c4 20. Be2 Nf5 21. h5
Nxg3 22. fxg3 Nxe5 23. Ng5 g6 24. hxg6 hxg6 25. Qd2 Qe7 26. Nh3 Nd7 27. Qd4 e5
28. Qg4 Kg7 29. Bd1 Nf6 30. Qg5 Rce8 31. Rf1 Ne4 32. Qxe7 Rxe7 33. g4 f6 34.
Bc2 Nc5 35. Rf2 Rff7 36. Rd2 Rd7 37. Kf1 Ne6 38. Nf2 Ng5 39. Rad1 Rfe7 40. e4
dxe4 41. Rxd7 Bxd7 42. Nxe4 Nxe4 43. Bxe4 Bxg4 44. Rd5 f5 45. Bf3 Bxf3 46. gxf3
Rc7 47. Rxe5 Kf6 48. Rd5 g5 49. Kf2 a6 50. Rd6+ Ke5 51. Rb6 Rc5 52. Rxb7 Rxa5
53. Re7+ Kf6 54. Re2 Rb5 55. Rd2 a5 56. Ke3 Rb6 57. Rh2 Ke5 58. Rd2 Rb5 59. Kf2
a4 60. Ke2 Rb3 61. Rc2 a3 62. bxa3 Rxa3 63. Ke3 Ra5 64. Rb2 Rd5 65. Rc2 Rd3+
66. Kf2 Kf4 67. Kg2 Rxf3 68. Kg1 g4 69. Kg2 Ke3 70. Kg1 Kd3 0-1

[Event "Bad Woerishofen 2017 - Senioren"]
[Site "Bad Woerishofen"]
[Date "2017.03.10"]
[Round "1.40"]
[White "Spurga, Josef"]
[Black "Sand, Rosemarie"]
[Result "1-0"]
[WhiteElo "2007"]
[BlackElo "1719"]
[Annotator "chessorg"]
[PlyCount "53"]
[EventDate "2017.??.??"]
[WhiteTeam "VfL Sindelfingen"]
[BlackTeam "Pfullingen"]

1. d4 Nf6 2. Nf3 g6 3. g3 Bg7 4. Bg2 d5 5. O-O O-O 6. c4 dxc4 7. Qc2 c6 8. Qxc4
Nbd7 9. Qc2 Nb6 10. e4 Be6 11. Nc3 h6 12. b3 Rc8 13. h3 Ne8 14. Be3 Nd6 15.
Rad1 Qd7 16. Kh2 f5 17. Ne5 Qe8 18. f3 Kh7 19. Nd3 fxe4 20. fxe4 Rf7 21. Nf4
Bd7 22. Nce2 e5 23. dxe5 Bxe5 24. Bc5 Nb5 25. a4 Nc7 26. Bd6 Ne6 27. Bxe5 1-0

[Event "Bad Woerishofen 2017 - Senioren"]
[Site "Bad Woerishofen"]
[Date "2017.03.10"]
[Round "1.41"]
[White "Oser, Thor"]
[Black "Krueger, Norbert"]
[Result "0-1"]
[WhiteElo "1708"]
[BlackElo "2006"]
[Annotator "chessorg"]
[PlyCount "62"]
[EventDate "2017.??.??"]
[WhiteTeam "SK 1929 Joehlingen"]
[BlackTeam "Ratinger SK"]

1. e4 c5 2. Nf3 Nf6 3. Nc3 Nc6 4. h3 d5 5. exd5 Nxd5 6. Nxd5 Qxd5 7. d3 e5 8.
Be3 Be7 9. a3 O-O 10. Nd2 Be6 11. Qf3 Nd4 12. Bxd4 cxd4 13. Be2 Rfc8 14. Bd1
Qb5 15. b3 Qa5 16. Qe2 Bb4 17. axb4 Qxa1 18. O-O Qc3 19. Nc4 Bxc4 20. dxc4 Qxb4
21. Qxe5 Qd2 22. Bf3 Re8 23. Qc7 Qxc2 24. Bxb7 Rad8 25. Bc6 Rc8 26. Qb7 Red8
27. Ra1 Rb8 28. Qe7 d3 29. Rxa7 Qc1+ 30. Kh2 Qf4+ 31. Kg1 d2 0-1

[Event "Bad Woerishofen 2017 - Senioren"]
[Site "Bad Woerishofen"]
[Date "2017.03.10"]
[Round "1.42"]
[White "Goris, Ton"]
[Black "Ehren, Dieter"]
[Result "1-0"]
[WhiteElo "1992"]
[BlackElo "1705"]
[Annotator "chessorg"]
[PlyCount "81"]
[EventDate "2017.??.??"]

1. e4 c5 2. c3 e5 3. Nf3 d6 4. d4 Nc6 5. Bb5 Bd7 6. O-O Nf6 7. Re1 Be7 8. d5
Nb8 9. Bxd7+ Nbxd7 10. c4 O-O 11. Nc3 a6 12. a4 b6 13. b3 Ne8 14. Qd3 Ndf6 15.
h3 Qc8 16. Nh2 Qd8 17. Bd2 h6 18. Ne2 g5 19. Ng4 Nxg4 20. hxg4 Ng7 21. Qh3 Kh7
22. Ng3 Kg6 23. Re3 Rh8 24. Nh5 Qd7 25. Rf3 a5 26. Kh2 Raf8 27. Rh1 Rh7 28. Kg1
f6 29. Nxg7 Kxg7 30. Rf5 Rfh8 31. Qf3 Qe8 32. Rh5 Kg6 33. Qe2 Kg7 34. g3 Qg6
35. Kg2 Qe8 36. f4 gxf4 37. gxf4 exf4 38. Bxf4 Qg6 39. Kh3 Kf7 40. e5 Re8 41.
e6+ 1-0

[Event "Bad Woerishofen 2017 - Senioren"]
[Site "Bad Woerishofen"]
[Date "2017.03.10"]
[Round "1.43"]
[White "Hauke, Hans"]
[Black "Vonach, Bernhard"]
[Result "1/2-1/2"]
[WhiteElo "1702"]
[BlackElo "1992"]
[Annotator "chessorg"]
[PlyCount "44"]
[EventDate "2017.??.??"]
[BlackTeam "SF Windach"]

1. e4 e5 2. Nc3 Nf6 3. f4 d5 4. fxe5 Nxe4 5. Nf3 Bg4 6. d3 Nxc3 7. bxc3 Nd7 8.
d4 Be7 9. Be2 O-O 10. O-O f6 11. exf6 Nxf6 12. Ng5 Bd7 13. Bd3 h6 14. Nf3 Ne4
15. Qe1 Bf5 16. c4 c6 17. Nd2 Bb4 18. Rb1 Nxd2 19. Bxd2 Bxd2 20. Qxd2 Bxd3 21.
Rxf8+ Qxf8 22. Qxd3 Qe7 1/2-1/2

[Event "Bad Woerishofen 2017 - Senioren"]
[Site "Bad Woerishofen"]
[Date "2017.03.10"]
[Round "1.44"]
[White "Plischke, Berthold"]
[Black "Norman, Dinah"]
[Result "1-0"]
[WhiteElo "1987"]
[BlackElo "1697"]
[Annotator "chessorg"]
[PlyCount "37"]
[EventDate "2017.??.??"]
[WhiteTeam "SV Wesel 1928 e.V."]

1. e4 c6 2. d4 d5 3. Nc3 dxe4 4. Nxe4 Nd7 5. Nf3 Ngf6 6. Ng3 e6 7. Bd3 Be7 8.
Qe2 c5 9. c3 O-O 10. O-O cxd4 11. Nxd4 Nc5 12. Bc2 a5 13. Rd1 Qc7 14. Nb5 Qb8
15. Nf5 Bd8 16. Qc4 b6 17. Rxd8 Rxd8 18. Ne7+ Kf8 19. Nc6 1-0

[Event "Bad Woerishofen 2017 - Senioren"]
[Site "Bad Woerishofen"]
[Date "2017.03.10"]
[Round "1.45"]
[White "Narr, Irmgard"]
[Black "Schwis, Joachim"]
[Result "1/2-1/2"]
[WhiteElo "1694"]
[BlackElo "1979"]
[Annotator "chessorg"]
[PlyCount "134"]
[EventDate "2017.??.??"]
[WhiteTeam "SC Muehlh.-R.Nuernberg"]
[BlackTeam "SF  Köln e.V."]

1. e4 g6 2. Nf3 Bg7 3. Bc4 d6 4. c3 Nf6 5. d3 O-O 6. Bb3 c5 7. Bg5 h6 8. Bh4
Nc6 9. O-O b5 10. h3 a5 11. a3 e6 12. Nbd2 Qc7 13. Bg3 Bb7 14. Ba2 b4 15. cxb4
axb4 16. a4 Nh5 17. Nc4 Nxg3 18. fxg3 d5 19. exd5 exd5 20. Ne3 Ne7 21. g4 Bxb2
22. Rb1 Bc3 23. Bb3 Rfd8 24. Qe2 Qd6 25. Nd1 Bg7 26. Ne3 Nc8 27. Qa2 Nb6 28.
Rbd1 d4 29. Nc4 Nxc4 30. Bxc4 Bd5 31. Nd2 Bxc4 32. Nxc4 Qd5 33. Qc2 Rac8 34.
Nb6 b3 35. Qb2 Qe6 36. Nc4 Rb8 37. a5 Rb4 38. Rf3 Be5 39. Rdf1 Rd7 40. Qa3 Ra7
41. Qc1 Kg7 42. Kh1 Bb8 43. Re1 Rxc4 44. dxc4 b2 45. Qd2 Qe4 46. Rxe4 b1=Q+ 47.
Re1 Qb4 48. Qxb4 cxb4 49. Re8 Rb7 50. Rb3 d3 51. Rxd3 b3 52. Re1 b2 53. Rb1 Be5
54. Rd5 Bc3 55. Rb5 Ra7 56. c5 Ra6 57. Rd1 Rc6 58. g3 g5 59. Kg2 Be5 60. Rd5
Bc3 61. Rb7 Ra6 62. Rdd7 Rxa5 63. Rxf7+ Kg6 64. Rf5 Ra2 65. Rb6+ Kg7 66. Rf2
Bd4 67. Rb7+ Kg6 1/2-1/2

[Event "Bad Woerishofen 2017 - Senioren"]
[Site "Bad Woerishofen"]
[Date "2017.03.10"]
[Round "1.46"]
[White "Streiter, Manfred"]
[Black "Wraga, Hermann"]
[Result "1-0"]
[WhiteElo "1977"]
[BlackElo "1683"]
[Annotator "chessorg"]
[PlyCount "45"]
[EventDate "2017.??.??"]
[WhiteTeam "SGem Vaihingen-Rohr"]
[BlackTeam "SG Osnabrueck"]

1. d4 f5 2. Nc3 Nf6 3. e4 fxe4 4. f3 g6 5. fxe4 d6 6. Bg5 c6 7. Bd3 Nbd7 8. Nf3
Qc7 9. Qd2 b5 10. O-O Bg7 11. Rae1 O-O 12. e5 dxe5 13. dxe5 Nd5 14. Nxd5 cxd5
15. Bxe7 Re8 16. Bd6 Qb6+ 17. Kh1 Bb7 18. Qf4 Rac8 19. e6 Bh6 20. Qf7+ Kh8 21.
exd7 Rxe1 22. Rxe1 Qxd6 23. Re8+ 1-0

[Event "Bad Woerishofen 2017 - Senioren"]
[Site "Bad Woerishofen"]
[Date "2017.03.10"]
[Round "1.47"]
[White "Richter, Stefan"]
[Black "Kierzek, Mira"]
[Result "0-1"]
[WhiteElo "1671"]
[BlackElo "1974"]
[Annotator "chessorg"]
[PlyCount "92"]
[EventDate "2017.??.??"]
[WhiteTeam "Elstertal langenberg"]
[BlackTeam "SC Fulda"]

1. e4 c5 2. Nf3 Nc6 3. c3 d5 4. e5 Bf5 5. Bb5 Bd7 6. Bxc6 Bxc6 7. d4 e6 8. O-O
Qc7 9. Be3 b6 10. Nbd2 c4 11. h3 Ne7 12. Nh4 Qd7 13. f4 b5 14. g4 g6 15. Qc2
Bh6 16. g5 Bg7 17. b3 a5 18. Rfb1 O-O 19. b4 axb4 20. cxb4 Ra3 21. Kf2 Rfa8 22.
Rd1 Qa7 23. Rdb1 Rxa2 24. Rxa2 Qxa2 25. Rb2 Qa4 26. Qc3 Qa1 27. Nb1 Ra2 28. Bc1
Qxb1 29. Rxa2 Qxa2+ 30. Bb2 Nc8 31. Nf3 Nb6 32. Qa3 Qxa3 33. Bxa3 Bf8 34. Ke2
c3 35. Ne1 Nc4 36. Nc2 Nxa3 37. Nxa3 Bxb4 38. Nc2 Ba5 39. Kd3 b4 40. Na1 Bb5+
41. Kc2 Ba4+ 42. Kb1 b3 43. h4 c2+ 44. Kc1 Bc3 45. Nxc2 bxc2 46. h5 Bxd4 0-1

[Event "Bad Woerishofen 2017 - Senioren"]
[Site "Bad Woerishofen"]
[Date "2017.03.10"]
[Round "1.48"]
[White "Ilyes, Peter"]
[Black "Wraga, Teresa"]
[Result "1-0"]
[WhiteElo "1968"]
[BlackElo "1667"]
[Annotator "chessorg"]
[PlyCount "47"]
[EventDate "2017.??.??"]
[BlackTeam "SG Osnabrueck"]

1. d4 Nf6 2. Nf3 g6 3. Bf4 Bg7 4. e3 d6 5. h3 O-O 6. Be2 Nbd7 7. O-O c5 8. c3
b6 9. Nbd2 Bb7 10. a4 Qc7 11. a5 bxa5 12. Nc4 Nd5 13. Bh2 N5b6 14. Nxa5 Bc8 15.
Nd2 e5 16. dxc5 Nxc5 17. b4 Ne6 18. Bf3 d5 19. c4 Bb7 20. Rc1 Qd7 21. c5 e4 22.
Be2 Nc4 23. Ndxc4 dxc4 24. Qxd7 1-0

[Event "Bad Woerishofen 2017 - Senioren"]
[Site "Bad Woerishofen"]
[Date "2017.03.10"]
[Round "1.49"]
[White "Lachat, Martin"]
[Black "Leutz, Hans"]
[Result "0-1"]
[WhiteElo "1642"]
[BlackElo "1968"]
[Annotator "chessorg"]
[PlyCount "62"]
[EventDate "2017.??.??"]
[WhiteTeam "ASK Réti Zuerich"]

1. c4 c6 2. Nc3 d5 3. cxd5 cxd5 4. d4 Nc6 5. e3 Nf6 6. Nf3 Bg4 7. Be2 e6 8. O-O
Rc8 9. Bd2 Bd6 10. Rc1 O-O 11. a3 Bb8 12. Ne1 Qd6 13. f4 Bxe2 14. Qxe2 Qd7 15.
Nf3 Ne4 16. Nxe4 dxe4 17. Ne5 Bxe5 18. fxe5 Rc7 19. Qg4 Qd5 20. Bb4 Rfc8 21.
Bc3 a5 22. Rf4 b5 23. Rff1 b4 24. axb4 Nxb4 25. Bd2 Rxc1 26. Rxc1 Rxc1+ 27.
Bxc1 Nd3 28. Qd1 Qc4 29. Bd2 a4 30. Qb1 Qb3 31. Bc1 Qd1# 0-1

[Event "Bad Woerishofen 2017 - Senioren"]
[Site "Bad Woerishofen"]
[Date "2017.03.10"]
[Round "1.50"]
[White "Trebbin, Wolfhard"]
[Black "Kelemen, Norbert"]
[Result "1/2-1/2"]
[WhiteElo "1960"]
[BlackElo "1630"]
[Annotator "chessorg"]
[PlyCount "124"]
[EventDate "2017.??.??"]
[WhiteTeam "SG Lasker Steglitz-Wilmersdorf"]
[BlackTeam "SC Weiße Dame Ulm e.V."]

1. d4 d5 2. Nf3 Nf6 3. g3 g6 4. Bg2 Bg7 5. O-O O-O 6. Nbd2 Be6 7. c4 c6 8. cxd5
cxd5 9. Nb3 b6 10. Bf4 Nc6 11. Rc1 Rc8 12. a3 Qd7 13. Re1 Rfe8 14. Bf1 Ne4 15.
Ng5 Nxg5 16. Bxg5 Bg4 17. Qd2 Bf5 18. Bg2 Be6 19. Bh6 Bf6 20. Be3 Bh3 21. Bh1
Be6 22. f3 Bg7 23. Bf2 Red8 24. e3 f6 25. Rc3 Rc7 26. Rec1 Rdc8 27. g4 Nd8 28.
Bg2 Rxc3 29. Rxc3 Rxc3 30. Qxc3 Qc6 31. Be1 Bd7 32. Bf1 Nb7 33. Qxc6 Bxc6 34.
Bc3 Nd6 35. Nd2 e6 36. Bd3 Bb5 37. Bc2 Bh6 38. Kf2 Nc4 39. Nxc4 Bxc4 40. Bb4
Bf8 41. Bxf8 Kxf8 42. h4 Kg7 43. e4 g5 44. hxg5 fxg5 45. Ke3 h6 46. b3 Ba6 47.
exd5 exd5 48. Bf5 Kf6 49. Bd7 Bb7 50. f4 Ke7 51. Bf5 Bc6 52. Bd3 Bd7 53. Be2
Kf6 54. Bf3 Bc6 55. Be2 Bd7 56. Kf3 Bc6 57. Ba6 Be8 58. Bb7 Bf7 59. Bc6 a5 60.
Kg3 Ke7 61. Kf3 Kd6 62. Bb5 Ke7 1/2-1/2

[Event "Bad Woerishofen 2017 - Senioren"]
[Site "Bad Woerishofen"]
[Date "2017.03.10"]
[Round "1.51"]
[White "Schulz, Franz"]
[Black "Engbrecht, Helmut"]
[Result "0-1"]
[WhiteElo "1629"]
[BlackElo "1951"]
[Annotator "chessorg"]
[PlyCount "132"]
[EventDate "2017.??.??"]
[WhiteTeam "SV Ebersbach"]
[BlackTeam "SV Schorndorf"]

1. e4 e5 2. Nf3 Nc6 3. Bc4 Bc5 4. O-O Nf6 5. Nc3 d6 6. d3 Bg4 7. h3 Bh5 8. Be3
Bb6 9. Nd5 Nxd5 10. Bxb6 Nxb6 11. c3 Nxc4 12. dxc4 Bxf3 13. Qxf3 Qg5 14. Rad1
O-O 15. Rd3 f5 16. exf5 Qxf5 17. Qd5+ Qf7 18. Qe4 Rab8 19. Rg3 Ne7 20. b3 Qf4
21. Qe2 Ng6 22. Rd1 Qh6 23. Qg4 Nf4 24. Kf1 Rf7 25. Rf3 Qg6 26. Qxg6 Nxg6 27.
Rg3 Rbf8 28. Rd2 b6 29. Re3 a5 30. a4 Nf4 31. f3 g5 32. Kg1 h5 33. Kh2 Kg7 34.
Kg3 Kg6 35. Kh2 Ne6 36. b4 axb4 37. cxb4 Nd4 38. Ra2 g4 39. fxg4 hxg4 40. Rg3
Rf4 41. a5 bxa5 42. bxa5 Nf5 43. Rxg4+ Rxg4 44. hxg4 Rh8+ 45. Kg1 Nd4 46. a6
Ra8 47. Kf2 Nc6 48. Ra4 Ra7 49. Kf3 Nb8 50. c5 Rxa6 51. Rb4 Nc6 52. Rb7 d5 53.
Rxc7 Nd4+ 54. Kg3 Rc6 55. Re7 Kf6 56. Re8 Ne6 57. Ra8 Rxc5 58. Ra6 e4 59. g5+
Ke5 60. g6 d4 61. Ra7 d3 62. Kf2 Rc2+ 63. Kf1 Rc1+ 64. Kf2 d2 65. Ra5+ Kf6 66.
Rd5 d1=Q 0-1

[Event "Bad Woerishofen 2017 - Senioren"]
[Site "Bad Woerishofen"]
[Date "2017.03.10"]
[Round "1.52"]
[White "Krotofil, Kurt"]
[Black "Schwenke, Norbert"]
[Result "1-0"]
[WhiteElo "1943"]
[BlackElo "1627"]
[Annotator "chessorg"]
[PlyCount "61"]
[EventDate "2017.??.??"]
[WhiteTeam "Niendorfer TSV 1919 SAbt"]

1. d4 Nf6 2. c4 e5 3. dxe5 Ng4 4. Bf4 Nc6 5. Nf3 Bc5 6. e3 Qe7 7. a3 Ngxe5 8.
Nxe5 Nxe5 9. b4 Bxb4+ 10. axb4 Qxb4+ 11. Qd2 Qxd2+ 12. Nxd2 d6 13. Bxe5 dxe5
14. Bd3 O-O 15. Ke2 b6 16. Be4 Rb8 17. Rxa7 c5 18. Rha1 Be6 19. Bd5 Bf5 20. e4
Bg6 21. Re7 Rfe8 22. Raa7 Rxe7 23. Rxe7 Kf8 24. Ra7 h6 25. Kd3 Bh5 26. Nf3 f6
27. Nh4 Be8 28. Nf5 b5 29. Rxg7 bxc4+ 30. Bxc4 Rd8+ 31. Kc3 1-0